Drawings by Michelangelo /

Guardado en:
Bibliografiske detaljer
Hovedforfatter: Miguel Angel (artista)
Andre forfattere: Brugnoli, Maria Vittoria (selección y texto) (selección y texto)
Format: Bog
Sprog:engelsk
Udgivet: Nueva York, EUA : Dover, 1969, c1969
Serier:(The Great Masters of Drawing)
Fag:
Tags: Tilføj Tag
Ingen Tags, Vær først til at tagge denne postø!

MARC

LEADER 00000nam^a2200000^a^4500
001 000333359
005 20250521000000.0
008 110121 19691969
009 20260526140823.013
020 |a 0-486-21991-7 
037 |a Acervo Xavier Clavigero 
041 |a ING 
082 |a 741. 9  |b GRE V. 1 
100 |a Miguel Angel  |e (artista) 
245 1 0 |a Drawings by Michelangelo /  |c Miguel Angel ; selec. y texto de M.V. Brugnoli ; tr. por Helen Friedman, David Friedman. 
264 4 |a Nueva York, EUA :  |b Dover,  |c 1969, c1969 
300 |a 30 p., 60 láminas 
336 |a texto  |b txt  |2 rdacontenido 
337 |a sin mediación  |b n  |2 rdamedio 
338 |a volumen  |b nc  |2 rdasoporte 
440 5 |a (The Great Masters of Drawing) 
545 0 |a Micheangelo Buonarroti (Caprese, 1475 - Roma, 1564) es considerado por la crítica uno de los más grandes representantes del arte universal. Del alcance de su genio creativo habla el apodo de "el Divino", que recibió en vida, en un contexto -la Italia renacentista- donde la genialidad estaba a la orden del día. Aunque vocacionalmente él se consideraba escultor ante todo, lo cierto es que cultivó todas las artes plásticas, si bien en pintura los frescos de la Capilla Sixtina es la única obra de envergadura que pudo concluir. Artista de la corte de los Medici en Florencia, tuvo que dejar la ciudad como consecuencia de su participación en el intento de proclamar la república; se instaló definitivamente en Roma en 1534. 
649 |a XX 
650 |a Pintores Italianos 
650 |a Artistas Italianos 
650 |a Dibujo -  |z Italia -  |x Historia y Crítica 
650 |a Pintura Renacentista -  |x Historia y Crítica 
650 |a Pintura Italiana -  |x Historia y Crítica 
650 |a Arte Renacentista -  |x Historia y Crítica 
650 |a Arte Italiano -  |x Historia y Crítica 
650 |a Miguel Angel -  |x Tema Principal 
700 |a Brugnoli, Maria Vittoria  |e (selección y texto) 
910 |a Fondo General 
920 |a Impresos - Libros 
930 |a Reserva Especial 
905 |a 103 
901 |a 039940  |b IT1  |c REE  |u 20250521 
902 |a https://opac.biblio.iteso.mx/vufind/Record/000333359